000 00321nam a2200133 4500
999 _c9606
_d9606
003 OSt
005 20210705122217.0
008 210705b ||||| |||| 00| 0 eng d
020 _a9783869223711
082 _a720.9431863
_bTHO
100 _a Thöner, Wolfgang
245 _aArchitectural guide Dessau-Wörlitz
942 _2ddc